<?xml version="1.0" encoding="UTF-8"?><?xml-stylesheet type="text/xsl" href="static/style.xsl"?><OAI-PMH xmlns="http://www.openarchives.org/OAI/2.0/" xmlns:xsi="http://www.w3.org/2001/XMLSchema-instance" xsi:schemaLocation="http://www.openarchives.org/OAI/2.0/ http://www.openarchives.org/OAI/2.0/OAI-PMH.xsd"><responseDate>2026-04-27T22:05:04Z</responseDate><request verb="GetRecord" identifier="oai:uvadoc.uva.es:10324/32460" metadataPrefix="marc">https://uvadoc.uva.es/oai/request</request><GetRecord><record><header><identifier>oai:uvadoc.uva.es:10324/32460</identifier><datestamp>2021-06-29T22:24:46Z</datestamp><setSpec>com_10324_38</setSpec><setSpec>col_10324_852</setSpec></header><metadata><record xmlns="http://www.loc.gov/MARC21/slim" xmlns:doc="http://www.lyncode.com/xoai" xmlns:xsi="http://www.w3.org/2001/XMLSchema-instance" xmlns:dcterms="http://purl.org/dc/terms/" xsi:schemaLocation="http://www.loc.gov/MARC21/slim http://www.loc.gov/standards/marcxml/schema/MARC21slim.xsd">
<leader>00925njm 22002777a 4500</leader>
<datafield tag="042" ind1=" " ind2=" ">
<subfield code="a">dc</subfield>
</datafield>
<datafield tag="720" ind1=" " ind2=" ">
<subfield code="a">Gutiérrez Prieto, Eduardo</subfield>
<subfield code="e">author</subfield>
</datafield>
<datafield tag="260" ind1=" " ind2=" ">
<subfield code="c">2018</subfield>
</datafield>
<datafield tag="520" ind1=" " ind2=" ">
<subfield code="a">En el presente proyecto se lleva a cabo un estudio de caracterización de dos aleaciones de&#xd;
espumas metálicas de celda abierta: Aleación de Ni-Cr-Al y otra de Ni-Fe-Cr-Al. Se realiza un&#xd;
estudio sobre el estado del arte de estos materiales y sus potenciales aplicaciones.&#xd;
A continuación, se procede a caracterizar el comportamiento de las espumas de estudio para&#xd;
una eventual puesta en servicio. Se estudian tres tamaños diferentes de celda para cada&#xd;
aleación, incluyendo a algunas muestras sobre las que se ha realizado un tratamiento de&#xd;
preoxidación. Se realiza la caracterización química, física, microestructural y mecánica. Por&#xd;
último, se presta especial atención al comportamiento de estas espumas ante los fenómenos de&#xd;
corrosión electroquímica en tres medios agresivos y de corrosión seca a alta temperatura.&#xd;
Finalmente se realiza un estudio de mejora de su comportamiento en servicio mediante un&#xd;
revestimiento de polipirrol electrodepositado.</subfield>
</datafield>
<datafield tag="024" ind2=" " ind1="8">
<subfield code="a">http://uvadoc.uva.es/handle/10324/32460</subfield>
</datafield>
<datafield ind1=" " ind2=" " tag="653">
<subfield code="a">Aleaciones hierro - níquel. Aplicaciones industriales</subfield>
</datafield>
<datafield ind1=" " ind2=" " tag="653">
<subfield code="a">Aleaciones aluminio - hierro. Aplicaciones industriales</subfield>
</datafield>
<datafield ind1=" " ind2=" " tag="653">
<subfield code="a">Cromo - Aleaciones</subfield>
</datafield>
<datafield ind1=" " ind2=" " tag="653">
<subfield code="a">Níquel</subfield>
</datafield>
<datafield tag="245" ind1="0" ind2="0">
<subfield code="a">Espumas metálicas de Níquel-Hierro-Cromo- Aluminio y Níquel-Cromo-Aluminio. Caracterización y comportamiento en ambientes de trabajo</subfield>
</datafield>
</record></metadata></record></GetRecord></OAI-PMH>